000 00543nam a22001457a 4500
100 _aAswathy, C.S.
245 _aRNA isolation
260 _bIn: Recent Advances in Molecular Biology and Biotechnology: DBT Skill Vigyan State Partnership Programme Faculty Training 2024. (Comp. C. Bindu Roy). 6-19 March 2024, Rubber Research Institute of India, Kottayam, India, pp. 128-131. Lab Manual
650 _aRNA isolation
650 _aRNA extraction
700 _aSoumyamol, V.B.
700 _aSwathi, S.J.
700 _aRoy, C.B.
942 _cAR
999 _c75444
_d75444